NAEPfacts /

"The nation's report card."

Bibliographic Details
Corporate Authors: National Center for Education Statistics, National Assessment of Educational Progress (Project)
Format: Government Document Journal
Language:English
Published: Washington, D.C. : U.S. Dept. of Education, Office of Educational Research and Improvement, 1995-
Subjects:
Online Access:Home page for National Center for Education Statistics. Perform site search for NAEPfacts

MARC

Tag First Indicator Second Indicator Subfields
LEADER 00000cas a2200000 a 4500
001 in00001531621
005 20151021180642.0
008 000315c19959999dcu x p s f0 0eng d
010 |a  96664208  
035 |a (OCoLC)34386509 
037 |b United States, Department of Education, Washington, DC 20208-5653 
040 |a PLF  |c PLF  |d DLC  |d IUL  |d UtOrBLW 
042 |a lc 
043 |a n-us--- 
049 |a TXAM 
050 0 0 |a LB2822.75  |b .N34 
074 |a 0455-G-11 
086 0 |a ED 1.335: 
245 0 0 |a NAEPfacts /  |c National Center for Education Statistics. 
246 2 |a National Assessment of Educational Progress facts 
246 3 |a NAEP facts 
264 1 |a Washington, D.C. :  |b U.S. Dept. of Education, Office of Educational Research and Improvement,  |c 1995- 
300 |a volumes ;  |c 28 cm. 
310 |a Irregular 
336 |a text  |b txt  |2 rdacontent 
337 |a unmediated  |b n  |2 rdamedia 
338 |a volume  |b nc  |2 rdacarrier 
362 0 |a Vol. 1, no. 1 (Aug. 1995)- 
500 |a Title from cover. 
520 |a "The nation's report card." 
650 0 |a Educational evaluation  |z United States. 
710 2 |a National Center for Education Statistics. 
710 2 |a National Assessment of Educational Progress (Project) 
850 |a DLC  |a InU 
856 4 2 |u http://nces.ed.gov/index.html  |z Home page for National Center for Education Statistics. Perform site search for NAEPfacts  |t 0 
994 |a E0  |b TXA 
999 |a MARS 
999 f f |s 5fe17b82-5f37-3401-9152-4ec80e5ba0b7  |i 6424f0ac-dd9b-3073-a41f-115765e7a3b7  |t 0 
952 f f |a Texas A&M University  |b College Station  |c Electronic Resources  |d Available Online  |t 0  |e ED 1.335:  |h Superintendent of Documents classification 
998 f f |a ED 1.335:  |t 0  |l Available Online